000 00736nam a2200241Ia 4500
003 OSt
005 20230516135907.0
008 210423s2014 xx 000 0 und d
020 _a9783-527-33463-6
040 _cAL
041 _aeng
082 _a620.11 LENM
100 _aLENG (Yang)
_9105268
245 _aMaterials characterization: introduction to microscopic and spectroscopic methods Ed 2
250 _a2
260 _aWeiheim
_bWiley and Sons
_c2014
300 _axiv,373
_bHB
365 _b8250
_cUSD
650 _aEngineering
_9105269
650 _aEngineering Mechanics & Materials
_9105270
906 _acharacterization: ; Ed ; introduction ; Materials ; methods ; microscopic ; spectroscopic
942 _2ddc
_cBK
999 _c166348
_d166348